000 00581nam a2200193Ia 4500
005 20250508155741.0
008 008 250505s9999 xx 000 0 eng d
037 _aDissertations
040 _aFEDL
_beng
_cFEDL
041 _aeng
_2eng
084 _a370.9, DHI/DI
_qFEDL
100 _aDhingra Narain Das
_9767376
245 0 _aComparative study of the state institutes of education in Delhi and Harayana.
260 _c1972
300 _a81p.
546 _aM. Ed. Dissertation (Delhi University)
942 _cDIS
_h370.9, DHI/DI
999 _c1359106
_d1359106